| 000 | 00589nam a22001811a 4500 | ||
|---|---|---|---|
| 001 | 18803 | ||
| 003 | OSt | ||
| 005 | 20260204212422.0 | ||
| 008 | 180904s2016||||ck ||||||b||||||||||spa|| | ||
| 020 | _a9789588564135 | ||
| 082 | _a690 M971c | ||
| 100 | _aMuñoz Muñoz,Harold Alberto | ||
| 245 | _aConstrucción, interventoría y supervisión técnica de las edificaciones de concreto estructural:según el reglamento colombiano NSR-10/Harold Alberto Muñoz Muñoz | ||
| 264 | _aBogotá:Asocreto | ||
| 300 | _a371 p. | ||
| 650 | _aConstrucción-supervición técnicaÌ | ||
| 942 |
_2ddc _cBK |
||
| 999 |
_c18803 _d18803 |
||